00616nam a2200181 u 450000100100000000500170001000800410002704000250006808200200009310000400011324501050015326000360025830000170029450000220031165000410033365000240037465000360039800000288220250925082330.0090704s1988 dr r 001 0 spa d aDO-SdBNPbspacBNPHU a336.3435bM366i1 aMartínez Pérez, Ricardod1929 -14aLas inversiones troyanas y el Fondo Monetario Internacional :bensayo /cRicardo Martínez Pérez. aSanto Domingo :bTaller,c1988. a57p ;c18cm. aContiene índice 4aPolitica monetariazAmérica Latina 0aCrisis económica  4aDeuda externazAmérica Latina